Fr. Conceicao Rodrigues College of Engineering

Problems & Solution in Operations Research 2nd ed (Record no. 29568)

MARC details
000 -LEADER
fixed length control field 00346nam a2200145Ia 4500
082 ## - DEWEY DECIMAL CLASSIFICATION NUMBER
Classification number 658.4034
Item number KAP
100 ## - MAIN ENTRY--PERSONAL NAME
Personal name Kapoor/V.K
250 ## - EDITION STATEMENT
Edition statement 2
245 ## - TITLE STATEMENT
Title Problems & Solution in Operations Research 2nd ed
260 ## - PUBLICATION, DISTRIBUTION, ETC.
Name of publisher, distributor, etc. Sultans Chand & Sons
Date of publication, distribution, etc. 1993
546 ## - LANGUAGE NOTE
Language note ENGLISH
654 ## - SUBJECT ADDED ENTRY--FACETED TOPICAL TERMS
Focus term Operation research 2nd ed
942 ## - ADDED ENTRY ELEMENTS (KOHA)
Koha item type BOOK
Holdings
Withdrawn status Lost status Damaged status Not for loan Collection Home library Current library Date acquired Total Checkouts Full call number Barcode Date last seen Price effective from Koha item type
        CRC Fr. Agnel's C.Rodrigues College of Engineering Fr. Agnel's C.Rodrigues College of Engineering 17/03/2023   658.4034 KAP 11650 17/03/2023 17/03/2023 BOOK